| 000 | 01765nam a2200409 i 4500 | ||
|---|---|---|---|
| 001 | 13628 | ||
| 003 | KOSZ 005 | ||
| 005 | 20191016080513.0 | ||
| 008 | 071129s1969 pl a f f 100 0 pol | ||
| 015 | _aPB 1969/10231 | ||
| 040 |
_aWA N _cWA N _dKOSZ 005/RW |
||
| 041 | 1 |
_apol _heng _hrus |
|
| 080 | _a62 | ||
| 080 | _a66/69 | ||
| 080 | _a338.98 | ||
| 245 | 0 | 0 |
_aOcena projektów inwestycji przemysłowych : _bwybór tekstów / _c[wybór i przedmowa Kazimierz Leszczyński, Zbigniew Zajda ; tłumaczenie H. Askanas et al.]. |
| 260 |
_aWarszawa : _bPaństwowe Wydawnictwo Ekonomiczne, _c1969. |
||
| 300 |
_a465, [3] stron : _bilustracje ; _c25 cm. |
||
| 336 |
_aTekst _btxt _2rdacontent |
||
| 337 |
_aBez urządzenia pośredniczącego _bn _2rdamedia |
||
| 338 |
_aWolumin _bnc _2rdacarrier |
||
| 380 | _aKsiążki. | ||
| 500 | _aWybór z materiałów Międzynarodowego Sympozjum w Sprawie Oceny Projektów Inwestycji Przemysłowych w Pradze w 1965 r. | ||
| 500 | _aNazwy autorów wyboru na odwrocie karty tytułowej. | ||
| 546 | _aGłównie tłumaczenia z języka angielskiego i rosyjskiego. | ||
| 658 | _aGospodarka, ekonomia, finanse | ||
| 650 | 4 | _aPrzemysł | |
| 650 | 4 | _aInwestycje | |
| 655 | 4 | _aMateriały konferencyjne | |
| 700 | 1 |
_aLeszczyński, Kazimierz _c(nauki ekonomiczne). _eOpracowanie |
|
| 700 | 1 |
_aZajda, Zbigniew. _eOpracowanie |
|
| 700 | 1 |
_aAskanas, Halina. _eTłumaczenie |
|
| 711 | 2 |
_aMiędzynarodowe Sympozjum w Sprawie Oceny Projektów Inwestycji Przemysłowych _d(1965 ; _cPraga). |
|
| 710 | 2 |
_aPaństwowe Wydawnictwo Ekonomiczne _4pbl. |
|
| 856 |
_uhttp://koha.tu.koszalin.pl/cgi-bin/koha/opac-detail.pl?biblionumber=13628 _yKatalog online BPK |
||
| 942 |
_2UKD _cKS |
||
| 999 |
_c13628 _d13628 |
||